Ficción y construcción de la realidad: la diferencia entre ficciones en el derecho y en la literatura /

Guardado en:
書目詳細資料
主要作者: Hejl, Peter M.
格式: 圖書
語言:Spanish
標簽: 添加標簽
沒有標簽, 成為第一個標記此記錄!

MARC

LEADER 00000nam a22000007a 4500
003 cru CRAI/IIS
005 20200124105521.0
008 191202t1989 es |||||r|||||||| ||spa|d
999 |c 42883  |d 42883 
040 |c cru CRAI/IIS 
100 1 |9 8996  |a Hejl, Peter M. 
245 1 |a Ficción y construcción de la realidad:  |b la diferencia entre ficciones en el derecho y en la literatura /  |c Peter M. Hejl 
300 |a páginas 97-110 
773 0 |0 42687  |9 3976  |a Waltzlawick, Paul   |d Barcelona Editorial Gedisa, 1989  |o 18568  |t El ojo del observador:  |z 8474325129 
942 |2 ddc  |c LI